5HLuxD.jpg

KING HENRY VIII SENIOR AND PRIMARY SCHOOL LIBRARY OPAC

China / (Record no. 2202)

000 -LEADER
fixed length control field 01707pam a2200409 i 4500
001 - CONTROL NUMBER
control field 018863088
003 - CONTROL NUMBER IDENTIFIER
control field Uk
005 - DATE AND TIME OF LATEST TRANSACTION
control field 20230327151648.0
008 - FIXED-LENGTH DATA ELEMENTS--GENERAL INFORMATION
fixed length control field 161129t20182018mnuab j b 001 0 eng
010 ## - LIBRARY OF CONGRESS CONTROL NUMBER
LC control number 2016053598
015 ## - NATIONAL BIBLIOGRAPHY NUMBER
National bibliography number GBB885591
Source bnb
016 7# - NATIONAL BIBLIOGRAPHIC AGENCY CONTROL NUMBER
Record control number 018863088
Source Uk
020 ## - INTERNATIONAL STANDARD BOOK NUMBER
International Standard Book Number 9781626176782
Qualifying information hardback
040 ## - CATALOGING SOURCE
Original cataloging agency StDuBDS
Language of cataloging eng
Transcribing agency StDuBDS
Modifying agency Uk
-- KH8
Description conventions rda
042 ## - AUTHENTICATION CODE
Authentication code ukblcatcopy
043 ## - GEOGRAPHIC AREA CODE
Geographic area code a-cc---
082 00 - DEWEY DECIMAL CLASSIFICATION NUMBER
Classification number 951 OAC
Edition number 23
100 1# - MAIN ENTRY--PERSONAL NAME
Personal name Oachs, Emily Rose,
Relator term author.
245 10 - TITLE STATEMENT
Title China /
Statement of responsibility, etc. by Emily Rose Oachs.
264 #1 - PRODUCTION, PUBLICATION, DISTRIBUTION, MANUFACTURE, AND COPYRIGHT NOTICE
Place of production, publication, distribution, manufacture Minneapolis, MN :
Name of producer, publisher, distributor, manufacturer Bellwether Media,
Date of production, publication, distribution, manufacture, or copyright notice 2018.
264 #4 - PRODUCTION, PUBLICATION, DISTRIBUTION, MANUFACTURE, AND COPYRIGHT NOTICE
Date of production, publication, distribution, manufacture, or copyright notice ©2018
300 ## - PHYSICAL DESCRIPTION
Extent 32 pages :
Other physical details illustrations (colour), maps (colour) ;
Dimensions 24 cm.
336 ## - CONTENT TYPE
Content type term text
Source rdacontent
336 ## - CONTENT TYPE
Content type term still image
Source rdacontent
336 ## - CONTENT TYPE
Content type term cartographic image
Source rdacontent
337 ## - MEDIA TYPE
Media type term unmediated
Source rdamedia
338 ## - CARRIER TYPE
Carrier type term volume
Source rdacarrier
490 0# - SERIES STATEMENT
Series statement Blastoff! discovery: Country profiles
500 ## - GENERAL NOTE
General note Formerly CIP.
Institution to which field applies Uk
504 ## - BIBLIOGRAPHY, ETC. NOTE
Bibliography, etc. note Includes bibliographical references and index.
505 0# - FORMATTED CONTENTS NOTE
Formatted contents note The Great Wall of China -- Location -- Landscape and climate -- Wildlife -- People -- Community life -- Customs -- School and work -- Play -- Food -- Celebrations -- Timeline -- Fast facts -- Glossary.
520 2# - SUMMARY, ETC.
Summary, etc. "Engaging images accompany information about China. The combination of high-interest subject matter and narrative text is intended for students in grades 3 through 8"--
Assigning source Provided by publisher.
530 ## - ADDITIONAL PHYSICAL FORM AVAILABLE NOTE
Additional physical form available note Also issued online.
651 #0 - SUBJECT ADDED ENTRY--GEOGRAPHIC NAME
Geographic name China
Form subdivision Juvenile literature.
776 08 - ADDITIONAL PHYSICAL FORM ENTRY
Relationship information Online version:
Main entry heading Oachs, Emily Rose, author.
Title China
Record control number (DLC) 2016055671
Place, publisher, and date of publication Minneapolis, MN : Bellwether Media, Inc., 2018
International Standard Book Number 9781681034089
942 ## - ADDED ENTRY ELEMENTS (KOHA)
Source of classification or shelving scheme
Koha item type Books - Non Ficton
Holdings
Withdrawn status Lost status Source of classification or shelving scheme Damaged status Not for loan Collection code Permanent Location Current Location Shelving location Date acquired Total Checkouts Full call number Barcode Date last seen Date last checked out Price effective from Koha item type
          Non-Fiction KH8 Primary School Library KH8 Primary School Library Non Fiction 2023-03-27 21 951 OAC KHPL000003948 2026-01-20 2026-01-13 2023-03-27 Books - Non Ficton

Powered By KH8 IT Dept